Literature, history and culture : (Record no. 40395)
[ view plain ]
| 000 -LEADER | |
|---|---|
| fixed length control field | 01084nam a2200277 a 4500 |
| 001 - CONTROL NUMBER | |
| control field | 40395 |
| 003 - CONTROL NUMBER IDENTIFIER | |
| rucl marc code | BD-RjUL |
| 005 - DATE AND TIME OF LATEST TRANSACTION | |
| control field | 20211209053214.0 |
| 008 - FIXED-LENGTH DATA ELEMENTS--GENERAL INFORMATION | |
| fixed length control field | 160430s2014 bg 000 0 eng |
| 020 ## - INTERNATIONAL STANDARD BOOK NUMBER | |
| International Standard Book Number | 9843235428 |
| Terms of availability | : Tk. 1250.00 |
| 035 ## - SYSTEM CONTROL NUMBER | |
| System control number | (BD-RjUL)40510 |
| 040 ## - CATALOGING SOURCE | |
| Original cataloging agency | DLC |
| Language of cataloging | eng |
| Description conventions | rda |
| Transcribing agency | DLC |
| Modifying agency | DLC |
| -- | BD-RjUL |
| 041 ## - LANGUAGE CODE | |
| Language code of text/sound track or separate title | eng |
| 082 ## - DEWEY DECIMAL CLASSIFICATION NUMBER | |
| Edition number | 23 |
| Author mark and year | LIT 2014 |
| Classification number | 820.9 |
| 245 00 - TITLE STATEMENT | |
| Title | Literature, history and culture : |
| Remainder of title | writings in honour of Professor Aali Areefur Rehman / |
| Statement of responsibility, etc. | edited by Abdullah Al Mamun and Maswood Akhter. |
| 260 ## - PUBLICATION, DISTRIBUTION, ETC. (IMPRINT) | |
| Place of publication, distribution, etc. | Rajshahi : |
| Name of publisher, distributor, etc. | University of Rajshahi, |
| Date of publication, distribution, etc. | 2014 |
| 300 ## - PHYSICAL DESCRIPTION | |
| Pagination | 975 pages ; |
| Size | 22 cm |
| 504 ## - BIBLIOGRAPHY, ETC. NOTE | |
| Bibliography, etc | Includes bibliographical references. |
| 600 10 - SUBJECT ADDED ENTRY--PERSONAL NAME | |
| Personal name | Areefur Rehman, Aali, |
| Dates associated with a name | 1950-2013 |
| General subdivision | Criticism and interpretation. |
| 650 #0 - SUBJECT ADDED ENTRY--TOPICAL TERM | |
| Topical term or geographic name as entry element | English Literature |
| General subdivision | History and criticism |
| 9 (RLIN) | 124434 |
| 700 1# - ADDED ENTRY--PERSONAL NAME | |
| Personal name | Areefur Rehman, Aali, |
| Dates associated with a name | 1950-2013, |
| Relator term | honouree. |
| Personal name | Ala Mamuna, Abadullah, |
| Dates associated with a name | 1942- |
| Relator term | editor. |
| Personal name | Akhter, Maswood, |
| Relator term | editor. |
| 710 2# - ADDED ENTRY--CORPORATE NAME | |
| Corporate name or jurisdiction name as entry element | Rajshahi University. |
| Subordinate unit | Department of English. |
| 9 (RLIN) | 124439 |
| 942 ## - ADDED ENTRY ELEMENTS (KOHA) | |
| Source of classification or shelving scheme | Dewey Decimal Classification |
| Koha item type | Books |
| Lost status | Source of classification or shelving scheme | Damaged status | Not for loan | Collection code | Permanent Location | Current Location | Shelving location | Date acquired | Source of acquisition | Cost, normal purchase price | Total Checkouts | Full call number | Date last seen | Copy number | Koha item type |
|---|---|---|---|---|---|---|---|---|---|---|---|---|---|---|---|
| Dewey Decimal Classification | Not For Loan | Non-fiction | Central Library, University of Rajshahi | Central Library, University of Rajshahi | Reading Room | 14/07/2015 | Dept. of English, RU. | 1250.00 | 820.9 LIT 2014 | 30/04/2016 | C-1 | Books | |||
| Dewey Decimal Classification | Non-fiction | Central Library, University of Rajshahi | Central Library, University of Rajshahi | 14/07/2015 | Dept. of English, RU. | 1250.00 | 820.9 LIT 2014 | 30/04/2016 | C-2 | Books | |||||
| Dewey Decimal Classification | Non-fiction | Central Library, University of Rajshahi | Central Library, University of Rajshahi | 14/07/2015 | Dept. of English, RU. | 1250.00 | 820.9 LIT 2014 | 30/04/2016 | C-3 | Books | |||||
| Dewey Decimal Classification | Non-fiction | Central Library, University of Rajshahi | Central Library, University of Rajshahi | 14/07/2015 | Dept. of English, RU. | 1250.00 | 820.9 LIT 2014 | 30/04/2016 | C-4 | Books | |||||
| Dewey Decimal Classification | Non-fiction | Central Library, University of Rajshahi | Central Library, University of Rajshahi | 14/07/2015 | Dept. of English, RU. | 1250.00 | 820.9 LIT 2014 | 30/04/2016 | C-5 | Books |